ბათუმის შოთა რუსთაველის სახელმწიფო უნივერსიტეტის ბიბლიოთეკა

თეორიული ეთნოლოგია : (ბიბ.ჩანაწერი № 34774)

000 -ლიდერი
ფიქსირებული სიგრძის საკონტროლო ველი 01607nam a2200289Ia 4500
001 - საკონტროლო ნომერი
საკონტროლო ველი 584
003 - საკონტროლო ნომრის იდენტიფიკატორი
საკონტროლო ველი GE_BSU
005 - ბოლო ოპერაციის თარიღი და დრო
საკონტროლო ველი 20220531115801.0
008 - ფიქსირებული სიგრძის მონაცემთა ელემენტები - ზოგადი ინფორმაცია
ფიქსირებული სიგრძის საკონტროლო ველი 181216s2010||||ge |||||||||||||| ||geo||
020 ## - წიგნის საერთაშორისო სტანდარტული ნომერი
International Standard Book Number 9789941131158
040 ## - კატალოგიზაციის წყარო
Transcribing agency GE_BSU
041 ## - ენის კოდი
Language code of text/sound track or separate title geo
080 ## - უნივერსალური ათობითი კლასიფიკაციის ინდექსი
Universal Decimal Classification number 39(=35.1)(075.8) თ-77
100 ## - მთავარი ჩანაწერი - პიროვნების სახელი
Personal name თოფჩიშვილი, როლანდ
9 (RLIN) 4620
245 ## - ცნობა სათაურის შესახებ
Title თეორიული ეთნოლოგია :
Remainder of title სახელმძღვ. უნ-ტის ჰუმანიტ. ფაკ-ტის სტუდ. /
Statement of responsibility, etc როლანდ თოფჩიშვილი, ქეთევან ხუციშვილი, როზეტა გუჯეჯიანი ; [სამეცნ. რედ.: ნინო მინდაძე, ინგა ღუტიძე] ; თსუ.
264 ## - წარმოების, გამოცემის, დისტრიბუციის და სხვა ცნობები
გამოცემის, წარმოების, დისტრიბუციის... ადგილი თბილისი :
გამოცემის, წარმოების, დისტრიბუციის... სახელწოდება თბილ. უნ-ტის გამ-ბა,
გამოცემის, წარმოების, დისტრიბუციის... თარიღი 2010.
300 ## - ფიზიკური აღწერა
Extent 468გვ. :
Other physical details ცხრ., დიაგრ. ;
Dimensions 24 სმ.
501 ## - შენიშვნა თანმხლებ მასალაზე
With note დანართები: გვ. 451-466
ეთნოლ. ტერმინთა ლექსიკონი: გვ. 412-448..
653 ## - INDEX TERM--UNCONTROLLED
Uncontrolled term ეთნოლოგია
700 ## - ADDED ENTRY--PERSONAL NAME
Personal name ხუციშვილი, ქეთევან
Relator term ავტორი
9 (RLIN) 5752
700 ## - ADDED ENTRY--PERSONAL NAME
Personal name გუჯეჯიანი, როზეტა
Relator term ავტორი
9 (RLIN) 5617
700 ## - ADDED ENTRY--PERSONAL NAME
Personal name მინდაძე, ნინო
Relator term რედაქტორი
9 (RLIN) 1906
700 ## - ADDED ENTRY--PERSONAL NAME
Personal name ღუტიძე, ინგა
Relator term რედაქტორი
9 (RLIN) 13891
710 ## - ADDED ENTRY--CORPORATE NAME
Corporate name or jurisdiction name as entry element თსუ
9 (RLIN) 13892
942 ## - ADDED ENTRY ELEMENTS (KOHA)
Koha item type წიგნი
Source of classification or shelving scheme
ეგზემპლარები
ჩამოწერის სტატუსი დაკარგული ეგზემპლარის სტატუსი კლასიფიკაციის წყარო ან თაროზე გაწყობის სქემა დაზიანების სტატუსი არ გაიცემა მუდმივი მდებარეობა (დაცვის ადგილი) ამჟამინდელი ადგილსამყოფელი თაროზე განთავსების ადგილი შეძენის თარიღი ღირებულება, შესყიდვის ნორმალური ფასი სრული შენახვის შიფრი შტრიხკოდი ბოლო ოპერაციის თარიღი ეგზემპლარის მიმდევრობითი ნომერი (კეტერი?) ფასის ძალაში შესვლის თარიღი ეგზემპლარის სახეობა საჯარო შენიშვნა
          ბათუმის შოთა რუსთაველის სახელმწიფო უნივერსიტეტის მთავარი ბიბლიოთეკა ბათუმის შოთა რუსთაველის სახელმწიფო უნივერსიტეტის მთავარი ბიბლიოთეკა წიგნსაცავი 2018-12-17 20.00 39(=35.1)(075.8) 1227 2018-12-17 1227 2018-12-17 წიგნი 20 ლ.